Big Tech spoločnosti vo finančnom sektore bakalárska práca

Gespeichert in:
Bibliographische Detailangaben
1. Verfasser: Závišová, Terézia
Körperschaft: Národohospodárska fakulta EU. Katedra bankovníctva a medzinárodných financií
Weitere Verfasser: Dedinský, Juraj, 1996-
Format: Buch
Sprache:Slowakisch
Veröffentlicht: Bratislava 2024
Tags: Tag hinzufügen
Keine Tags, Fügen Sie das erste Tag hinzu!

MARC

LEADER 00000nbm a2200000 4500
001 0301705
005 20241024134616.1
041 0 |a slo 
044 |a SK 
245 1 0 |a Big Tech spoločnosti vo finančnom sektore  |b bakalárska práca  |c Terézia Závišová ; školiteľ: Juraj Dedinský 
264 1 |a Bratislava  |c 2024 
300 |a 49 s. 
100 1 |a Závišová, Terézia 
700 1 |a Dedinský, Juraj, 1996- 
710 2 |a Národohospodárska fakulta EU. Katedra bankovníctva a medzinárodných financií